Financial Derivatives / Hedging with Futures, Forwards, Options and Swaps (Record no. 1230)
[ view plain ]
| 000 -LEADER | |
|---|---|
| fixed length control field | 01213cam a22001934a 4500 |
| 005 - ΗΜΕΡΟΜΗΝΙΑ ΚΑΙ ΩΡΑ ΤΕΛΕΥΤΑΙΑΣ ΕΝΗΜΕΡΩΣΗΣ | |
| Πεδίο ελέγχου | 20250605164002.0 |
| 008 - FIXED-LENGTH DATA ELEMENTS--GENERAL INFORMATION | |
| Πεδίο ελέγχου σταθερού μήκους | 250528s ||||||||||||||||||||||||d |
| 035 ## - SYSTEM CONTROL NUMBER | |
| System control number | 15667 |
| 020 ## - ISBN | |
| ISBN | 1861522053 |
| 040 ## - ΠΗΓΗ ΚΑΤΑΛΟΓΟΓΡΑΦΗΣΗΣ | |
| Φορέας πρωτότυπης καταλογογράφησης | MC Athens Campus Library |
| Γλώσσα καταλογογράφησης | Ελληνικά, Μοντέρνα (1453-) |
| Modifying agency | MC Athens Campus Library |
| Κανόνες περιγραφικής καταλογογράφησης | AACR2 |
| 245 1# - ΤΙΤΛΟΣ ΚΑΙ ΔΗΛΩΣΗ ΥΠΕΥΘΥΝΟΤΗΤΑΣ | |
| Τίτλος | Financial Derivatives / Hedging with Futures, Forwards, Options and Swaps |
| 260 ## - PUBLICATION, DISTRIBUTION, ETC. | |
| Name of publisher, distributor, etc. | International Thomson Business Press, |
| Date of publication, distribution, etc. | 1995 |
| 300 ## - PHYSICAL DESCRIPTION | |
| Extent | 304 |
| 520 ## - SUMMARY, ETC. | |
| Summary, etc. | This book introduces the role of financial derivatives - futures, forwards, options and swaps - in treasury risk management. Acknowledgements, Introduction, The Nature of Currency Exposure, Internal Hedging Techniques, Currency Borrowing or Currency Deposits, The Foreign Exchange Market, Forward Exchange Contracts, Interest Rate Risk Exposure, Forward/ Forwards, Forward or Future Rate Agreements (FRAs), An Introduction to Futures, Interest Rate Futures, Currency Futures, Advanced Futures Concepts, An Introduction to Traded Options, Currency Options, Interest Rate Options, Option Pricing, Interest Rate Swaps, Currency Swaps, Summary and Conclusions, Postscript - Barings Bank, Index. |
| 700 1# - ΠΡΟΣΘΕΤΗ ΑΝΑΓΡΑΦΗ--ΦΥΣΙΚΟ ΠΡΟΣΩΠΟ | |
| Personal name | Winstone David |
| 9 (RLIN) | 1632 |
| 942 ## - ADDED ENTRY ELEMENTS (KOHA) | |
| Koha item type | Books |
| Τύπος τεκμηρίου | Βιβλιοθήκη | Τρέχουσα τοποθεσία | Barcode | Αριθμός εισαγωγής | Ημερομηνία απόκτησης | Ταξιθετικό σύμβολο | Αριθμός αντιτύπου | Κατάσταση απόσυρσης | Κατάσταση χαμένου | Κατάσταση κατεστραμμένου | Μη δανεισμός | Σύνολο δανεισμών | Ημερομηνία τελευταίας εμφάνισης | Η τιμή ισχύει από |
|---|---|---|---|---|---|---|---|---|---|---|---|---|---|---|
| Books | MC Athens Campus Library | MC Athens Campus Library | 9780000012296 | 2021 | 05/06/2025 | 332.644 WIN | 1 | 05/06/2025 | 05/06/2025 |